000 00291nam a2200121Ia 4500
008 220204s9999 xx 000 0 und d
082 _a3347.7
_bRAM
100 _aRamaiya, A
245 0 _aGuide to the companies act
250 _aEd.10
260 _aNagpur
_bWadhawa sales
_c1984
942 _cBK
999 _c38456
_d38456